000 00553nam a2200181 i 4500
001 36308
003 ES-MaACL
005 20250415213632.0
007 t|
008 030217s1970 sp ||||1| cat d
100 1 _aBrossa, Joan.
_931934
245 1 0 _aPoesía rasa
_b: tria de llibres (1943-1959) /
_cJoan Brossa ; introducción de Manuel Sacristán.
260 _aBarcelona :
_bAriel,
_c1970.
300 _a618 p. ;
_c22 cm.
700 1 _aSacristán, Manuel,
_d1925-1985
_9101268
852 _aES-MaACL
_jC-38298
_bR.72706
999 _c36308
_d36308